Statistics for Vowel-uniform countries

Click here to take the quiz!

General Stats

  • This quiz has been taken 29 times
    (17 since last reset)
  • The average score is 12 of 21

Answer Stats

Answer% Correct
Japan
100%
Fiji
86%
Qatar
86%
Yemen
86%
Canada
71%
Comoros
71%
Greece
71%
Togo
71%
Chad
57%
Congo
57%
Ghana
57%
Morocco
57%
Panama
57%
Sweden
57%
Bahamas
43%
Malta
43%
Myanmar
43%
Rwanda
43%
Kazakhstan
29%
Madagascar
29%
Seychelles
29%

Score Distribution

Percentile by Number Answered

Percent of People with Each Score

Your Score History

You have not taken this quiz since the last reset